书目信息 |
| 题名: |
保险业稽查实务
|
|
| 作者: | 马毅民 主编 | |
| 分册: | ||
| 出版信息: | 北京 中国财政经济出版社 2011 |
|
| 页数: | 270页 | |
| 开本: | 24cm | |
| 丛书名: | ||
| 单 册: | ||
| 中图分类: | F810.423 | |
| 科图分类: | ||
| 主题词: | 保险业--税收管理 , 保险业 , 税收管理 | |
| 电子资源: | ||
| ISBN: | 978-7-5095-2926-3 | |
| 000 | 00890nam0 2200265 450 | |
| 001 | 523 | |
| 005 | 20140909101413.65 | |
| 010 | @a978-7-5095-2926-3@dCNY39.00 | |
| 100 | @a20110902d2011 em y0chiy50 ea | |
| 101 | 0 | @achi |
| 102 | @aCN@b110000 | |
| 105 | @ay z 000yy | |
| 106 | @ar | |
| 200 | 1 | @a保险业稽查实务@ABao Xian Ye Ji Cha Shi Wu@f马毅民主编@FMa Yi Min Zhu Bian |
| 210 | @a北京@c中国财政经济出版社@d2011 | |
| 215 | @a270页@d24cm | |
| 300 | @a税务稽查业务手册 | |
| 330 | @a本书共九章,介绍了保险业基础知识概述、保险业会计核算概要、保险业税收政策与会计差异、保险业税务稽查查前准备、保险业主要税收违法行为综述、保险业营业税检查、保险企业所得税检查等内容。 | |
| 606 | 0 | @a保险业@x税收管理 |
| 606 | 0 | @a保险业 |
| 606 | 0 | @a税收管理 |
| 690 | @aF810.423@v5 | |
| 701 | 0 | @a马毅民@AMa Yi Min@4主编 |
| 801 | 0 | @aCN@bTANGWEI@c20140603 |
| 905 | @b0840365-67@dF810.423@e68@f3 | |
| 保险业稽查实务/马毅民主编.-北京:中国财政经济出版社,2011 |
| 270页;24cm |
| 税务稽查业务手册 |
| ISBN 978-7-5095-2926-3:CNY39.00 |
| 本书共九章,介绍了保险业基础知识概述、保险业会计核算概要、保险业税收政策与会计差异、保险业税务稽查查前准备、保险业主要税收违法行为综述、保险业营业税检查、保险企业所得税检查等内容。 |
| ● |
| 相关链接 |
|
|
|
|
正题名:保险业稽查实务
索取号:F810.423/68
 
预约/预借
| 序号 | 登录号 | 条形码 | 馆藏地/架位号 | 状态 | 备注 |
| 1 | 0840365 | 208403654 | 第一样本阅览室/ [索取号:F810.423/68] | 在馆 | |
| 2 | 0840366 | 208403663 | 第一借阅区/ [索取号:F810.423/68] | 在馆 | |
| 3 | 0840367 | 208403672 | 密集书库-海洋学院/ [索取号:F810.423/68] | 在馆 |